00827nam a2200205Ia 4500003000900000008004100009020002200050040001600072080002500088100002500113245014300138260007200281300002300353650002600376700002600402700002600428942000700454999001700461952014300478IN-BaIIA211028s9999 xx 000 0 eng d a978-0-8194-7230-4 cIIA Library a535(082.1)bSPI-7020 aDuncan , W. D934255 0aMillimeter and submillimeter detectors and instrumentation for astronomy IVcWilliam D. Duncan, Wayne S. Holland and Stafford Withington  aWashingtonbThe International Society for Optical Engineeringc2008 a[various pagings.] aInstrumentation98032 aHolland, W. S.934256 aWithington, S.934257 cBK c17988d17988 00104070aBANbBANcGENd2011-02-23eGB g1894.00l0o535(082.1)/ SPI-7020p18910r2021-11-05v1894.00w2011-02-23yBKGRs. 1894.00